Home Print Resources E-Books E-Journals IIMT Lecture Series Library Membership Form Book Recommendation Form Campus Tour Take AdmissionAbout Us Contact Us

WORKBOOK ON SYSTEM ANALYSIS DESIGN (Record no. 1757)

000 -LEADER
fixed length control field 00352nam a2200145Ia 4500
003 - CONTROL NUMBER IDENTIFIER
control field OSt
005 - DATE AND TIME OF LATEST TRANSACTION
control field 20231130051144.0
008 - FIXED-LENGTH DATA ELEMENTS--GENERAL INFORMATION
fixed length control field 170523s9999 xx 000 0 und d
020 ## - INTERNATIONAL STANDARD BOOK NUMBER
International Standard Book Number 9788120317246
040 ## - CATALOGING SOURCE
Transcribing agency IIMT UNIVERSITY, MEERUT
100 ## - MAIN ENTRY--PERSONAL NAME
Personal name JAMES
245 #0 - TITLE STATEMENT
Title WORKBOOK ON SYSTEM ANALYSIS DESIGN
260 ## - PUBLICATION, DISTRIBUTION, ETC.
Name of publisher, distributor, etc. TATA MC GRAW HILL
942 ## - ADDED ENTRY ELEMENTS (KOHA)
Source of classification or shelving scheme
Koha item type Book Bank
Holdings
Withdrawn status Lost status Source of classification or shelving scheme Damaged status Not for loan Home library Current library Date acquired Coded location qualifier Barcode Date last seen Uniform Resource Identifier Price effective from Koha item type Public note Total Checkouts Total Renewals Date last checked out
          IIMT University Central Library Meerut IIMT University Central Library Meerut 06/01/2017 Dept. MBA 01-B-8498 06/01/2017 management 06/01/2017 Book Bank management departmental library books update march 2019      
          IIMT University Central Library Meerut IIMT University Central Library Meerut 06/01/2017   01-B-8499 05/17/2018 management 06/01/2017 Book Bank   4 2 05/08/2018
          IIMT University Central Library Meerut IIMT University Central Library Meerut 06/01/2017   01-B-8500 06/01/2017 management 06/01/2017 Book Bank        
          IIMT University Central Library Meerut IIMT University Central Library Meerut 06/01/2017   01-B-8501 06/01/2017 management 06/01/2017 Book Bank        
          IIMT University Central Library Meerut IIMT University Central Library Meerut 06/01/2017   01-B-8502 05/17/2018 management 06/01/2017 Book Bank   1   05/08/2018
IIMT, Central Library. All Rights Reserved IIMT,UNIVERSITY © 2023
Implemented and Customised by I CLOUDE EMS
You Are OPAC Visitor No
free web counter

Powered by Koha